Agriculture and the WTO : (Record no. 15023)

000 -LEADER
fixed length control field 00792cam a22002534a 4500
020 ## - INTERNATIONAL STANDARD BOOK NUMBER
ISBN 082135485X
040 ## - CATALOGING SOURCE
Transcribing agency DLC
082 00 - DEWEY DECIMAL CLASSIFICATION NUMBER
Classification number 382 WOR 2004 A068 Co.
245 00 - TITLE STATEMENT
Title Agriculture and the WTO :
Remainder of title creating a trading system for development /
260 ## - PUBLICATION, DISTRIBUTION, ETC. (IMPRINT)
Place of publication Washington, DC :
Name of publisher World Bank,
Year of publication 2004.
300 ## - PHYSICAL DESCRIPTION
Number of Pages xvii, 387 p. :
Other physical details ill. ;
Dimensions 27 cm.
500 ## - GENERAL NOTE
General note "A copublication with the World Bank and Oxford University Press."
650 #0 - SUBJECT ADDED ENTRY--TOPICAL TERM
Topical Term Tariff on farm produce.
650 #0 - SUBJECT ADDED ENTRY--TOPICAL TERM
Topical Term Produce trade
650 #0 - SUBJECT ADDED ENTRY--TOPICAL TERM
Topical Term Export subsidies.
650 #0 - SUBJECT ADDED ENTRY--TOPICAL TERM
Topical Term Free trade.
650 #0 - SUBJECT ADDED ENTRY--TOPICAL TERM
Topical Term Produce trade
650 #0 - SUBJECT ADDED ENTRY--TOPICAL TERM
Topical Term Agriculture
650 #0 - SUBJECT ADDED ENTRY--TOPICAL TERM
Topical Term Globalization
700 1# - ADDED ENTRY--PERSONAL NAME
Personal name Ingco, Merlinda D.
700 1# - ADDED ENTRY--PERSONAL NAME
Personal name Nash, John,
856 42 - ELECTRONIC LOCATION AND ACCESS
Uniform Resource Identifier http://www.loc.gov/catdir/enhancements/fy0614/2003053513-d.html
942 ## - ADDED ENTRY ELEMENTS (KOHA)
Koha item type សៀវភៅភាសាអង់គ្លេស
952 ## - LOCATION AND ITEM INFORMATION (KOHA)
Withdrawn status [LOCAL, KOHA] 0
Holdings
Permanent Location Date acquired Koha item type Lost status Shelving location Barcode Current Location Full call number
Library Block A2017-11-02សៀវភៅភាសាអង់គ្លេស A068A08252Library Block A382 WOR 2004 A068 Co.
មជ្ឈមណ្ឌលឯការនៃសាកលវិទ្យាល័យភូមិន្ទកសិកម្មចំការដូង

Powered by Koha